000 00577cam a22002052 4500
001 0000020862
005 20151217145928.0
008 111025s xx 000 0 eng d
020 _a1847034960 :
040 _aKABU
_cKABU
100 1 _aDuxbury, Robert.
_@0000181492
245 1 0 _aContract law /
_cRobert Duxbury.
250 _a8th ed.
260 _aLondon :
_bSweet & Maxwell,
_c2009.
300 _axli, 189 p.
650 0 _aContracts
_zGreat Britain.
_@0000156958
852 1 _9p1300 KES
908 _a111025
950 _@1
999 _c4198
_d4198